Loading...
| Fine Arts - Auditory Fine Arts | 6 | 21.67 | 100% | 100% | 17% |
| Fine Arts - Other Fine Arts | 5 | 10.00 | 100% | 0% | 0% |
| Fine Arts - Visual Fine Arts | 2 | 15.00 | 100% | 50% | 0% |
| Geography | 1 | 20.00 | 100% | 100% | 0% |
| History - American History | 2 | 15.00 | 100% | 50% | 0% |
| History - European History | 2 | 10.00 | 100% | 0% | 0% |
| History - Other History | 2 | 10.00 | 100% | 0% | 0% |
| History - World History | 5 | 12.00 | 100% | 20% | 0% |
| Literature - American Literature | 6 | 11.67 | 100% | 17% | 0% |
| Literature - British Literature | 6 | 10.00 | 83% | 17% | 0% |
| Literature - European Literature | 6 | 11.67 | 100% | 17% | 0% |
| Literature - World Literature | 5 | 12.00 | 100% | 20% | 0% |
| Mythology | 5 | 12.00 | 100% | 0% | 20% |
| Other Academic | 2 | 15.00 | 100% | 0% | 50% |
| Philosophy | 4 | 15.00 | 100% | 25% | 25% |
| Pop Culture | 2 | 15.00 | 100% | 50% | 0% |
| Popular Culture | 1 | 10.00 | 100% | 0% | 0% |
| Religion | 2 | 15.00 | 100% | 50% | 0% |
| Science - Biology | 7 | 20.00 | 100% | 86% | 14% |
| Science - Chemistry | 7 | 15.71 | 86% | 71% | 0% |
| Science - Other Science | 4 | 15.00 | 100% | 50% | 0% |
| Science - Physics | 4 | 10.00 | 100% | 0% | 0% |
| Social Science | 5 | 12.00 | 100% | 20% | 0% |